Qué bello es vivir : [versión colorizada] = It's a Wonderful Life : Colorized Version /

Inspirada en The Greatest Gift (1943), cuento del norteamericano Philip van Doren Stern (1900-84), esta película narra la intervención divina para mostrarle la belleza de la vida a un hombre que está a punto de suicidarse. Sin haber podido nunca abandonar su pueblo natal, ha pospuesto siempre sus pl...

Fuld beskrivelse

Guardado en:
Bibliografiske detaljer
Hovedforfatter: Capra, Frank (realización)
Andre forfattere: Goodrich, Frances (guión) (guión), Hackett, Albert (guión) (guión), Capra, Frank (guión) (guión), Walker, Joseph (fotógrafo) (fotógrafo), Biroc, Joseph F. (fotógrafo) (fotógrafo), Stevenson, Edward (vestuario) (vestuario), Hornbeck, William (montaje) (montaje), Tiomkin, Dimitri (música) (música), Stewart, James (actuación) (actuación), Reed, Dona (actuación) (actuación), Barrymore, Lionel (actuación) (actuación), Moiseeff, Sandra (realización) (realización)
Format: Slide
Sprog:engelsk
Fag:
Tags: Tilføj Tag
Ingen Tags, Vær først til at tagge denne postø!

MARC

LEADER 00000ngm^a2200000^a^4500
001 000563854
005 20251020000000.0
009 20260310132014.536
020 |a 1-4157-5135-8 
037 |a Acervo ITESO - Biblioteca 
041 |a ING 
082 |a 810.  |b CAP V. 2 
100 |a Capra, Frank  |e (realización) 
240 1 0 |a [¡Qué bello es vivir!] 
245 1 0 |a Qué bello es vivir :  |b [versión colorizada] = It's a Wonderful Life : Colorized Version /  |c Realización de F. Capra. 
246 2 |a Título en México: ¡Qué bello es vivir! 
246 2 |a Título en la pantalla: Qué bello es vivir 
246 2 |a Título en la cubierta: It's a Wonderful Life 
264 2 |a Los Angeles, EUA :  |b Paramount Pictures [distribución],  |c 2009, c2009 
300 |a 1 blu-ray sin dato de región (130 min.) :  |b color +  |e 1 folleto (8 p.) + 1 caja con un diorama y una campana (materiales acompañantes ubicados en Libros Antiguos y Raros) 
336 |a imagen móvil bidimensional  |b tdi  |2 rdacontenido 
337 |a video  |b v  |2 rdamedio 
338 |a videodisco  |b vd  |2 rdasoporte 
500 |a Basado en: The Greatest Gift, de Philip van Doren Stern 
520 |a Inspirada en The Greatest Gift (1943), cuento del norteamericano Philip van Doren Stern (1900-84), esta película narra la intervención divina para mostrarle la belleza de la vida a un hombre que está a punto de suicidarse. Sin haber podido nunca abandonar su pueblo natal, ha pospuesto siempre sus planes para hacer lo que es correcto: pierde la audición de un oído para salvar a su hermano; envía a su hermano a la universidad con el dinero que le correspondía, porque tiene que hacerse cargo del negocio paterno; renuncia a su viaje de luna de miel para tranquilizar a sus clientes, entre otras buenas acciones. Su ángel de la guarda le ofrece una perspectiva de lo que sería la vida de la localidad si él no hubiera nacido y hubiera ayudado tanto a sus vecinos. 
546 |a En inglés, con subtítulos opcionales: español, francés, inglés, portugués 
546 |a Doblaje opcional: español, francés 
586 |a Premio Oscar, de la Academia Norteamericana de Cine (19°: 1946): Mejor Película (finalista) 
586 |a Premio Oscar, de la Academia Norteamericana de Cine (19°: 1946): Mejor Dirección (finalista: Frank Capra) 
586 |a Premio Globo de Oro, de la Asociación de la Prensa Extranjera de Hollywood (4°: 1946): Mejor Dirección (ganador: Frank Capra) 
586 |a Registro Nacional de Cine de la Biblioteca del Congreso: Declaraciones de 1990 
586 |a 50 Películas que debes haber visto a los 14 años: Encuesta del Instituto Británico de Cine (2005) 
649 |a XX 
650 |a Angeles en el Cine 
650 |a Melodramas 
650 |a Cine Fantástico 
650 |a Cine en Color -  |z EUA 
650 |a Cine Norteamericano -  |y 1940-1949 
650 |a Cine Norteamericano -  |y Siglo XX 
650 |a Cuentos Norteamericanos -  |x Adaptaciones para Cine 
650 |a Literatura Norteamericana -  |y Siglo XX -  |x Adaptaciones para Cine 
650 |a Literatura y Cine 
650 |a Navidad -  |x Tema Principal 
650 |a Fiestas Religiosas (Catolicismo) 
650 |a Bien y Mal 
650 |a Suicidio 
650 |a Vida Humana 
650 |a Determinismo 
650 |a Causalidad y Casualidad -  |x Tema Principal 
650 |a Destino y Fatalismo 
700 |a Goodrich, Frances  |e (guión) 
700 |a Hackett, Albert  |e (guión) 
700 |a Capra, Frank  |e (guión) 
700 |a Walker, Joseph  |e (fotógrafo) 
700 |a Biroc, Joseph F.  |e (fotógrafo) 
700 |a Stevenson, Edward  |e (vestuario) 
700 |a Hornbeck, William  |e (montaje) 
700 |a Tiomkin, Dimitri  |e (música) 
700 |a Stewart, James  |e (actuación) 
700 |a Reed, Dona  |e (actuación) 
700 |a Barrymore, Lionel  |e (actuación) 
700 |a Moiseeff, Sandra  |e (realización) 
910 |a Fondo General 
920 |a Audiovisuales - Blu-rays 
940 |a Películas 
905 |a 309 
901 |a 0500400159  |b IT2  |c BRR  |i C182144  |u 20250521 
901 |a 0500400141  |b IT2  |c MIN  |i C182145  |u 20251020 
902 |a https://opac.biblio.iteso.mx/vufind/Record/000563854